000 01696nam a22002057a 4500
003 OSt
005 20260204144148.0
008 231004s2017 ag ||||| |||| 00| f spa d
020 _a978-987-377-7060-6
040 _bspa
_cAR-RoUNCS
080 _082-31(82)
100 1 _aArlt, Roberto
_d(1900-1942),
_eautor
245 1 3 _aEl juguete rabioso /
_cRoberto Arlt ; prólogo Virginia Montero.
250 _a1a ed.
260 _aBuenos Aires :
_bHernández,
_c2017.
300 _a252 p.
520 _aEl juguete rabioso (1926), la primera novela moderna de la literatura argentina, pone en escena -señala Josefina Ludmer- el aprendizaje de una escritura. Esta edición, a cargo de Virginia Montero, prueba esa hipótesis al confrontar los capítulos anticipo de la novela y sus dos primeras ediciones (las únicas que se publicaron durante la vida de su autor). El cotejo y las anotaciones del texto que surgen de allí no obedecen a la policía crítica, sino a la curiosidad que permite revisar algunos lugares comunes alrededor de la figura de Arlt, y también de la literatura argentina. ¿Tan mal escribía Arlt? ¿Tan difícil fue su acceso a la publicación? ¿Qué escuchaban sus textos cuando hace hablar a sus personajes entre los ruidos de la ciudad moderna? La autobiografía humorística publicada en la revista Don Goyo pocos meses después del debut de Arlt como novelista terminan de definir el trabajo y el deseo de un escritor que, como todo artista, confiaba a la potencia de su hacer la posibilidad de construirlo todo desde la nada: un lenguaje, una obra, un nombre y hasta una biografía. [Nota del editor]
650 _aLiteratura argentina
_vNovelas
_xSiglo XX
942 _2udc
_cOG
_n0
999 _c95
_d95